Neurobiology of Human Values

Man has been pondering for centuries over the basis of his own ethical and aesthetic values. Until recent times, such issues were primarily fed by the thinking of philosophers, moralists and theologists, or by the findings of historians or sociologists relating to universality or variations in these...

Πλήρης περιγραφή

Λεπτομέρειες βιβλιογραφικής εγγραφής
Συγγραφή απο Οργανισμό/Αρχή: SpringerLink (Online service)
Άλλοι συγγραφείς: Changeux, Jean-Pierre (Επιμελητής έκδοσης), Damasio, Antonio R. (Επιμελητής έκδοσης), Singer, Wolf (Επιμελητής έκδοσης), Christen, Yves (Επιμελητής έκδοσης)
Μορφή: Ηλεκτρονική πηγή Ηλ. βιβλίο
Γλώσσα:English
Έκδοση: Berlin, Heidelberg : Springer Berlin Heidelberg, 2005.
Σειρά:Research and Perspectives in Neurosciences,
Θέματα:
Διαθέσιμο Online:Full Text via HEAL-Link
LEADER 03424nam a22004935i 4500
001 978-3-540-29803-8
003 DE-He213
005 20151204191804.0
007 cr nn 008mamaa
008 100301s2005 gw | s |||| 0|eng d
020 |a 9783540298038  |9 978-3-540-29803-8 
024 7 |a 10.1007/3-540-29803-7  |2 doi 
040 |d GrThAP 
050 4 |a RC346-429.2 
072 7 |a MJN  |2 bicssc 
072 7 |a MED056000  |2 bisacsh 
082 0 4 |a 616.8  |2 23 
245 1 0 |a Neurobiology of Human Values  |h [electronic resource] /  |c edited by Jean-Pierre Changeux, Antonio R. Damasio, Wolf Singer, Yves Christen. 
264 1 |a Berlin, Heidelberg :  |b Springer Berlin Heidelberg,  |c 2005. 
300 |a XV, 159 p.  |b online resource. 
336 |a text  |b txt  |2 rdacontent 
337 |a computer  |b c  |2 rdamedia 
338 |a online resource  |b cr  |2 rdacarrier 
347 |a text file  |b PDF  |2 rda 
490 1 |a Research and Perspectives in Neurosciences,  |x 0945-6082 
505 0 |a Creation, Art, and the Brain -- Did Evolution Fix Human Values? -- Homo homini lupus? Morality, the Social Instincts, and our Fellow Primates -- Disorders of Social Conduct Following Damage to Prefrontal Cortices -- The Neurobiological Grounding of Human Values -- Emotion and Cognition in Moral Judgment: Evidence from Neuroimaging -- Neural substrates of affective style and value -- Cognitive Psychology of Moral Intuitions -- Mirror neuron: a neurological approach to empathy -- How does the brain know when it is right? -- Cerebral basis of human errors -- How a Primate Brain Comes to Know Some Mathematical Truths. 
520 |a Man has been pondering for centuries over the basis of his own ethical and aesthetic values. Until recent times, such issues were primarily fed by the thinking of philosophers, moralists and theologists, or by the findings of historians or sociologists relating to universality or variations in these values within various populations. Science has avoided this field of investigation within the confines of philosophy. Beyond the temptation to stay away from the field of knowledge science may also have felt itself unconcerned by the study of human values for a simple heuristic reason, namely the lack of tools allowing objective study. For the same reason, researchers tended to avoid the study of feelings or consciousness until, over the past two decades, this became a focus of interest for many neuroscientists. It is apparent that many questions linked to research in the field of neuroscience are now arising. The hope is that this book will help to formulate them more clearly rather than skirting them. The authors do not wish to launch a new moral philosophy, but simply to gather objective knowledge for reflection. 
650 0 |a Medicine. 
650 0 |a Neurosciences. 
650 0 |a Neurology. 
650 1 4 |a Medicine & Public Health. 
650 2 4 |a Neurology. 
650 2 4 |a Neurosciences. 
700 1 |a Changeux, Jean-Pierre.  |e editor. 
700 1 |a Damasio, Antonio R.  |e editor. 
700 1 |a Singer, Wolf.  |e editor. 
700 1 |a Christen, Yves.  |e editor. 
710 2 |a SpringerLink (Online service) 
773 0 |t Springer eBooks 
776 0 8 |i Printed edition:  |z 9783540262534 
830 0 |a Research and Perspectives in Neurosciences,  |x 0945-6082 
856 4 0 |u http://dx.doi.org/10.1007/3-540-29803-7  |z Full Text via HEAL-Link 
912 |a ZDB-2-SBL 
950 |a Biomedical and Life Sciences (Springer-11642)